000 00369nam a2200133Ia 4500
008 151021s9999 xx 000 0 und d
020 _a9.8007337565e+011
245 _a_Chemistry [2nd ed.] Julia Burdge
260 _aNewYork Mcgraw Hill 2011
300 _axxxiv,1027p;ill
500 _aIncludes index
650 _a_Chemistry
980 _a^d20110711 10:32:10^okorir
999 _c7698
_d7698